Pensiones Estudio integral de las pensiones que otorga el IMSS

Bibliographic Details
Corporate Author: Instituto Mexicano de Contadores Pb︢licos
Format: eBook
Language:Spanish
Published: [Mx̌ico] : Instituto Mexicano de Contadores Pb︢licos, 2011.
Subjects:
Online Access:Acceso restringido

MARC

LEADER 00000nam a22000007a 4500
005 2011082506326.0
008 110825t2008 mx ||||s||||o00| 0 spa d
020 |a 970-665-317-1 
035 |a 5393 
040 |a vLex 
090 |c 2266  |d 2266 
245 0 0 |a Pensiones  |b Estudio integral de las pensiones que otorga el IMSS   |h [Recurso electrn̤ico] : 
256 |a Servicio en ln̕ea. 
260 |a [Mx̌ico] :  |b Instituto Mexicano de Contadores Pb︢licos,   |c 2011. 
500 |a ¿Qu ̌es una pensin̤? ¿Cm̤o se obtiene? ¿Qu ̌requisitos debo cubrir para obtenerla? ¿Cuǹto voy a recibir en dinero? Éstas y otras preguntas ms̀, encontrarǹ respuesta en este libro, que los integrantes de la Comisin̤ Representativa ante Organismos de Seguridad Social del IMCP han puesto a disposicin̤ de todos los interesados en el tema. En esta obra se analiza todo el esquema relativo a las distintas pensiones que Instituto Mexicano del Seguro Social otorga a los asegurados y sus beneficiarios, y se encuentra dividida en seis capt̕ulos. 
506 1 |a Contenido solo disponible en los productos indicados  |d vLex Global  |d vLex Global (Academic Edition, excluding Law Schools)  |d vLex Global (U.S. Academic Edition, Law Schools)  |d vLex Global (U.S. Academic Edition, excluding Law Schools)  |d vLex Global (Academic Edition, Law Schools) 
650 0 4 |a Pensiones 
710 2 |a Instituto Mexicano de Contadores Pb︢licos 
740 0 |a vLex Libros (Servicio en ln̕ea) 
856 4 0 |u http://vlex.com/source/pensiones-estudio-integral-imss-5393  |z Acceso restringido 
942 |c BOOK